Geography Quiz

Random Geography or City Quiz

Begins and Ends: Asian Cities Quiz Stats

 Plays Quiz Updated Aug 30, 2019

Score 0/20 Timer 04:00
0 Plays Today
Begins and Ends City % Correct
H _ _ G    K _ _ GHong Kong
97.4%
T _ L    A _ _ VTel Aviv
93.9%
K _ _ _ A    L _ _ _ _ RKuala Lumpur
92.1%
B _ _ _ _ _ KBangkok
88.1%
H _ _ _ IHanoi
80.9%
X _ ' _ NXi'an
75.7%
B _ _ UBaku
73.4%
O _ _ _ AOsaka
70%
I _ _ _ _ _ _ LIstanbul
67.9%
R _ _ _ _ HRiyadh
67.6%
Begins and Ends City % Correct
K _ _ _ _ _ _ _ UKathmandu
67.2%
M _ _ _ _ AManila
65.9%
S _ _ _ _ _ _ _ ESingapore
60.6%
T _ _ _ _ ITaipei
54.6%
G _ _ _ _ _ _ _ UGuangzhou
50.3%
K _ _ _ _ _ IKarachi
48%
T _ _ _ _ NTehran
47.8%
C _ _ UCebu
44.5%
M _ _ _ _ IMumbai
41.7%
Q _ _ _ _ _ OQingdao
22.3%

You're not logged in!

Compare scores with friends on all Sporcle quizzes.
OR
Log In

Sporcle TV

Today on Sporcle TV


Watch our educational content, quiz creation guides, and fun videos on Sporcle TV.

Show Comments

Extras

Top Quizzes Today


Score Distribution

Your Account Isn't Verified!

In order to create a playlist on Sporcle, you need to verify the email address you used during registration. Go to your Sporcle Settings to finish the process.

Report this User

Report this user for behavior that violates our Community Guidelines.

Details: